[Event "Titled Tuesday intern op 28th Dec"]
[Site "Chess.com INT"]
[Date "2021.12.28"]
[Round "10"]
[White "Rodchenkov, Sergey D"]
[Black "Punin, Andrii"]
[Result "1/2-1/2"]
[WhiteElo "2346"]
[BlackElo "2289"]
[PlyCount "132"]
[EventDate "2021.12.28"]
[EventType "swiss (blitz)"]
[EventRounds "11"]
[EventCountry "USA"]
[SourceTitle "CBM 206 Extra"]
[Source "ChessBase"]
[SourceDate "2022.03.31"]
[SourceVersion "1"]
[SourceVersionDate "2022.03.31"]
[SourceQuality "1"]

1. Nf3 d5 2. c4 d4 3. g3 Nc6 4. Bg2 e5 5. d3 Bb4+ 6. Nfd2 a5 7. O-O Nf6 8. Na3 O-O 9. Nc2 Bc5 10. Rb1 Qd6 11. a3 a4 12. b4 axb3 13. Rxb3 Ra7 14. Nf3 h6 15. Nb4 Bg4 16. Nxc6 bxc6 17. h3 Bxf3 18. Bxf3 Bxa3 19. Bxa3 Rxa3 20. Rxa3 Qxa3 21. Bxc6 Rb8 22. Bf3 Kf8 23. Qa1 Qxa1 24. Rxa1 Ke7 25. Kg2 Nd7 26. h4 Nc5 27. Ra5 Kd6 28. Bd5 f5 29. h5 c6 30. Bf3 e4 31. dxe4 fxe4 32. Bg4 d3 33. exd3 exd3 34. Ra7 Rb7 35. Ra8 Ke5 36. Rd8 Rb4 37. Rg8 Rxc4 38. Bf3 d2 39. Rxg7 Rd4 40. Rg6 Rd6 41. Bd1 Nd3 42. Kf1 Nb2 43. Rxd6 Kxd6 44. Ke2 Nc4 45. Bb3 Na5 46. Bc2 Nc4 47. Bb3 Na5 48. Ba2 Ke5 49. Kxd2 Kf5 50. Ke3 Kg4 51. Bf7 Nb7 52. Kd4 Nd6 53. Bg6 Kf3 54. Ke5 Nc4+ 55. Kf6 Kxf2 56. Kg7 Kxg3 57. Kxh6 Ne5 58. Kg7 Ng4 59. Bf5 Ne3 60. Be4 Ng4 61. Bxc6 Kh4 62. Be8 Kg5 63. Bg6 Nh6 64. Be8 Ng4 65. Bg6 Nh6 66. Be8 Ng4 1/2-1/2

[Event "Titled Tuesday intern op 28th Dec"]
[Site "Chess.com INT"]
[Date "2021.12.28"]
[Round "10"]
[White "Skliarov, Viktor"]
[Black "Moskalenko, Alexander"]
[Result "0-1"]
[WhiteElo "2387"]
[BlackElo "2514"]
[PlyCount "106"]
[EventDate "2021.12.28"]
[EventType "swiss (blitz)"]
[EventRounds "11"]
[EventCountry "USA"]
[SourceTitle "CBM 206 Extra"]
[Source "ChessBase"]
[SourceDate "2022.03.31"]
[SourceVersion "1"]
[SourceVersionDate "2022.03.31"]
[SourceQuality "1"]

1. e4 Nf6 2. Nc3 d5 3. exd5 Nxd5 4. Bc4 Nb6 5. Bb3 Nc6 6. Nf3 Na5 7. O-O Nxb3 8. axb3 g6 9. h3 Bg7 10. d4 O-O 11. Bf4 c6 12. Qd2 Nd5 13. Nxd5 Qxd5 14. Bh6 Bxh3 15. Bxg7 Kxg7 16. Ra5 b5 17. c4 Qh5 18. Qc3 Kg8 19. gxh3 Qxh3 20. Nh2 Qd7 21. cxb5 cxb5 22. Rfa1 Rfc8 23. Qd3 Rc6 24. Rxb5 Rd6 25. d5 Rd8 26. Rba5 Qc8 27. Qc3 Qf5 28. Rxa7 Rxd5 29. Ra8 Rd1+ 30. Rxd1 Rxa8 31. b4 Rb8 32. Re1 e6 33. Re5 Qb1+ 34. Re1 Qf5 35. Ra1 Qg5+ 36. Qg3 Qxg3+ 37. fxg3 Rxb4 38. Ra2 e5 39. Kf2 e4 40. Nf1 f5 41. Ne3 Rb3 42. Nd1 h5 43. Ra7 Rd3 44. Ke2 Rxg3 45. b4 Rb3 46. Rb7 f4 47. b5 g5 48. b6 g4 49. Nf2 f3+ 50. Ke1 e3 51. Nd1 g3 52. Re7 g2 53. b7 g1=Q# 0-1

[Event "Titled Tuesday intern op 28th Dec"]
[Site "Chess.com INT"]
[Date "2021.12.28"]
[Round "10"]
[White "Sliwicki, Damian"]
[Black "Bilan, Danila"]
[Result "0-1"]
[WhiteElo "2168"]
[BlackElo "2303"]
[PlyCount "82"]
[EventDate "2021.12.28"]
[EventType "swiss (blitz)"]
[EventRounds "11"]
[EventCountry "USA"]
[SourceTitle "CBM 206 Extra"]
[Source "ChessBase"]
[SourceDate "2022.03.31"]
[SourceVersion "1"]
[SourceVersionDate "2022.03.31"]
[SourceQuality "1"]

1. e4 c6 2. Nc3 d5 3. Nf3 Bg4 4. h3 Bxf3 5. Qxf3 e6 6. d3 Nd7 7. Qg3 g6 8. Bd2 Bg7 9. O-O-O Ne7 10. f4 O-O 11. h4 b5 12. h5 b4 13. Ne2 a5 14. hxg6 hxg6 15. Qh3 Re8 16. f5 Nf6 17. e5 Nxf5 18. g4 Nxg4 19. Qxg4 Bxe5 20. Bg5 Bf6 21. Bxf6 Qxf6 22. Nf4 Ne3 23. Qh3 Nxd1 24. Kxd1 Kf8 25. Ne2 Ke7 26. Bg2 Rh8 27. Qg3 Rxh1+ 28. Bxh1 Qf1+ 29. Kd2 Qxh1 30. Qc7+ Kf6 31. Qxc6 Rh8 32. Qc7 Qh6+ 33. Kd1 Qg5 34. c3 Rh1+ 35. Kc2 bxc3 36. Qxc3+ Qe5 37. Nd4 Rh2+ 38. Kb3 a4+ 39. Kxa4 Rh4 40. b4 Rxd4 41. Qe1 Qxe1 0-1

[Event "Titled Tuesday intern op 28th Dec"]
[Site "Chess.com INT"]
[Date "2021.12.28"]
[Round "10"]
[White "Sokolin, Leonid M"]
[Black "Perez Gormaz, Matias Ariel"]
[Result "1-0"]
[WhiteElo "2482"]
[BlackElo "2404"]
[PlyCount "85"]
[EventDate "2021.12.28"]
[EventType "swiss (blitz)"]
[EventRounds "11"]
[EventCountry "USA"]
[SourceTitle "CBM 206 Extra"]
[Source "ChessBase"]
[SourceDate "2022.03.31"]
[SourceVersion "1"]
[SourceVersionDate "2022.03.31"]
[SourceQuality "1"]

1. e4 c5 2. Nf3 d6 3. Bb5+ Bd7 4. Bxd7+ Nxd7 5. O-O Ngf6 6. Qe2 Rb8 7. c3 e6 8. d4 cxd4 9. cxd4 d5 10. e5 Ng8 11. Bg5 Be7 12. Be3 h5 13. Nc3 a6 14. Nd2 Nh6 15. Qxh5 Rc8 16. Rac1 Nf8 17. Nb3 Ng6 18. Bxh6 Rxh6 19. Qf3 Nh4 20. Qd3 Rc4 21. g3 Nf5 22. Ne2 b5 23. Nd2 Bg5 24. f4 Be7 25. Nxc4 dxc4 26. Qe4 g6 27. b3 cxb3 28. axb3 Kf8 29. Rc6 Qa5 30. g4 Nh4 31. Ng3 Qa2 32. d5 exd5 33. Qxd5 Nf5 34. Rf2 Qb1+ 35. Nf1 Ne3 36. Rc8+ Kg7 37. Qd4 Nxg4 38. Rg2 Nxh2 39. Rxh2 Rxh2 40. Kxh2 Qxf1 41. Rc7 Bh4 42. e6+ Kh6 43. Qh8# 1-0

[Event "Titled Tuesday intern op 28th Dec"]
[Site "Chess.com INT"]
[Date "2021.12.28"]
[Round "10"]
[White "Sviridova, Vlada"]
[Black "Marcziter, Dmitrii"]
[Result "1/2-1/2"]
[WhiteElo "2144"]
[BlackElo "2264"]
[PlyCount "268"]
[EventDate "2021.12.28"]
[EventType "swiss (blitz)"]
[EventRounds "11"]
[EventCountry "USA"]
[SourceTitle "CBM 206 Extra"]
[Source "ChessBase"]
[SourceDate "2022.03.31"]
[SourceVersion "1"]
[SourceVersionDate "2022.03.31"]
[SourceQuality "1"]

1. d4 Nf6 2. c4 g6 3. Nc3 Bg7 4. e4 d6 5. Nf3 O-O 6. Be2 Na6 7. O-O c5 8. d5 e6 9. h3 Re8 10. Bg5 h6 11. Be3 Nc7 12. Qd2 exd5 13. exd5 Kh7 14. Bd3 a6 15. a4 Rb8 16. a5 b5 17. axb6 Rxb6 18. Nh2 Rb4 19. Rfe1 a5 20. f4 Ba6 21. Rxa5 Bxc4 22. Bxc4 Rxc4 23. Raa1 Rb4 24. Ra2 Ne4 25. Nxe4 Rbxe4 26. Nf3 Qf6 27. Bf2 Rxe1+ 28. Bxe1 Nb5 29. Bf2 Re4 30. g3 Nd4 31. Nxd4 cxd4 32. Ra5 Qe7 33. Kf1 h5 34. h4 Qd7 35. Kg2 Qg4 36. Ra4 Re2 37. Qd3 Rxb2 38. Ra7 Qe2 39. Qxe2 Rxe2 40. Kf3 Rd2 41. Rxf7 Kg8 42. Rd7 d3 43. Rxd6 Rd1 44. Rd8+ Kf7 45. Rd7+ Kf8 46. Be3 Rf1+ 47. Kg2 Re1 48. Kf2 Re2+ 49. Kf3 Bc3 50. d6 Re1 51. Rc7 d2 52. Bxd2 Bxd2 53. Rc8+ Kf7 54. d7 Ba5 55. d8=Q Bxd8 56. Rxd8 Rb1 57. Rd6 Rb3+ 58. Kf2 Ra3 59. Rc6 Kg7 60. Re6 Kf7 61. Re3 Ra2+ 62. Kf3 Ra1 63. Rb3 Ra4 64. Rb7+ Kf6 65. Rb6+ Kf7 66. Rb3 Rc4 67. g4 hxg4+ 68. Kxg4 Rc1 69. Rb7+ Kf6 70. Rb6+ Kg7 71. Rb7+ Kh6 72. Rb3 Rc5 73. Re3 Ra5 74. Re6 Kg7 75. Rb6 Ra1 76. Rb3 Rg1+ 77. Kh3 Kf6 78. Rg3 Rf1 79. Kg4 Ra1 80. Rb3 Rg1+ 81. Kf3 Rh1 82. Kg3 Rg1+ 83. Kf2 Rg4 84. Kf3 Rxh4 85. Rb6+ Kg7 86. Rb5 Rh3+ 87. Kg4 Rh1 88. Rb7+ Kh6 89. Rb6 Rg1+ 90. Kf3 Kh5 91. Rb8 Rf1+ 92. Kg3 Kh6 93. Rh8+ Kg7 94. Rc8 Rg1+ 95. Kf2 Ra1 96. Kf3 Ra4 97. Kg4 Kh6 98. Rh8+ Kg7 99. Rc8 Kf6 100. Rc6+ Kg7 101. Rc5 Kf6 102. Rc6+ Kg7 103. Rb6 Kh7 104. Kg5 Ra5+ 105. Kh4 Rf5 106. Kg4 Kg7 107. Rb7+ Kh6 108. Rb8 Ra5 109. Rh8+ Kg7 110. Rd8 Kf6 111. Rd6+ Kg7 112. Rb6 Kh6 113. Rb7 Rc5 114. Rb6 Rd5 115. Rc6 Ra5 116. Rb6 Rc5 117. Ra6 Rb5 118. Re6 Ra5 119. Re5 Ra1 120. Rb5 Rg1+ 121. Kf3 Kg7 122. Rb6 Kh7 123. Ke4 Re1+ 124. Kd5 Kh6 125. Rb7 Kh5 126. Rg7 Kh6 127. Rg8 Kh7 128. Rf8 Kg7 129. Rd8 Kf6 130. Rb8 Kf5 131. Rf8+ Kg4 132. Rf6 Kh5 133. Kd6 Re4 134. Kd5 Re1 1/2-1/2

[Event "Titled Tuesday intern op 28th Dec"]
[Site "Chess.com INT"]
[Date "2021.12.28"]
[Round "10"]
[White "Tokman, Ariel"]
[Black "Chernomordik, Pavel"]
[Result "1-0"]
[WhiteElo "2314"]
[BlackElo "2182"]
[PlyCount "93"]
[EventDate "2021.12.28"]
[EventType "swiss (blitz)"]
[EventRounds "11"]
[EventCountry "USA"]
[SourceTitle "CBM 206 Extra"]
[Source "ChessBase"]
[SourceDate "2022.03.31"]
[SourceVersion "1"]
[SourceVersionDate "2022.03.31"]
[SourceQuality "1"]

1. d4 g6 2. e3 Bg7 3. b3 d6 4. Bb2 Nf6 5. Nf3 O-O 6. Be2 b6 7. O-O Bb7 8. c4 e6 9. Nc3 Nbd7 10. Qd2 a6 11. Rfd1 Qe7 12. a4 Rfd8 13. a5 Ne4 14. Nxe4 Bxe4 15. axb6 cxb6 16. Ra2 a5 17. b4 axb4 18. Rxa8 Rxa8 19. Qxb4 Bf8 20. d5 e5 21. Nd2 Bc2 22. Rc1 Ba4 23. Ra1 Nc5 24. Qxb6 Qe8 25. Qb4 Rb8 26. Qc3 Bd7 27. Ba3 Na4 28. Qc2 Qc8 29. h3 f5 30. Nf3 h6 31. h4 Be7 32. g3 Nc5 33. Rb1 Ba4 34. Qc1 Nb3 35. Qc3 e4 36. Nd2 Bf6 37. Qxf6 Nxd2 38. Qxg6+ Kh8 39. Qxh6+ Kg8 40. Qg6+ Kh8 41. Bb2+ Rxb2 42. Rxb2 Nf3+ 43. Bxf3 exf3 44. Qf6+ Kg8 45. Qxd6 Kh7 46. Qe7+ Kg6 47. Qg5+ 1-0

[Event "Titled Tuesday intern op 28th Dec"]
[Site "Chess.com INT"]
[Date "2021.12.28"]
[Round "10"]
[White "Weishaeutel, Moritz"]
[Black "Tanenbaum, Zachary Chen"]
[Result "0-1"]
[WhiteElo "2371"]
[BlackElo "2146"]
[PlyCount "122"]
[EventDate "2021.12.28"]
[EventType "swiss (blitz)"]
[EventRounds "11"]
[EventCountry "USA"]
[SourceTitle "CBM 206 Extra"]
[Source "ChessBase"]
[SourceDate "2022.03.31"]
[SourceVersion "1"]
[SourceVersionDate "2022.03.31"]
[SourceQuality "1"]

1. e4 e5 2. Nf3 Nc6 3. Nc3 Nf6 4. a3 d5 5. Bb5 d4 6. Ne2 Bd6 7. d3 Bd7 8. Bc4 O-O 9. Bg5 h6 10. Bh4 Qe7 11. Qd2 Be6 12. Bb5 Nd8 13. O-O Bg4 14. Ng3 Bxf3 15. gxf3 Qe6 16. Nf5 Nh5 17. Bc4 Qg6+ 18. Kh1 Kh8 19. Rg1 Qh7 20. f4 g6 21. Nxd6 cxd6 22. Be7 Ne6 23. Bxe6 fxe6 24. Bxd6 Qf7 25. f5 g5 26. Bxe5+ Kh7 27. Bxd4 exf5 28. f3 fxe4 29. fxe4 Nf4 30. Raf1 Qh5 31. Be3 Ne2 32. Qd1 Rxf1 33. Rxf1 Qg4 34. Qe1 Qh5 35. Qf2 Nf4 36. Bxf4 Rf8 37. Qg3 gxf4 38. Rxf4 Rg8 39. Kg2 Rxg3+ 40. hxg3 Qg5 41. Rf2 Qe5 42. Rf3 Qxb2 43. Rf2 Qxa3 44. e5 Qc5 45. Re2 Qc6+ 46. Kf2 Qe6 47. d4 a5 48. c4 Qxc4 49. e6 Qxd4+ 50. Kf3 Qd8 51. e7 Qe8 52. Kf4 a4 53. Kf5 a3 54. Kf6 Qg6+ 55. Ke5 Qh5+ 56. Kd6 Qxe2 57. Kd7 Qxe7+ 58. Kxe7 a2 59. Kf7 a1=Q 60. g4 Qe5 61. g5 hxg5 0-1

[Event "Titled Tuesday intern op 28th Dec"]
[Site "Chess.com INT"]
[Date "2021.12.28"]
[Round "11"]
[White "Alavkin, Arseny Nailievich"]
[Black "Hardaway, Brewington"]
[Result "1/2-1/2"]
[WhiteElo "2373"]
[BlackElo "2207"]
[PlyCount "151"]
[EventDate "2021.12.28"]
[EventType "swiss (blitz)"]
[EventRounds "11"]
[EventCountry "USA"]
[SourceTitle "CBM 206 Extra"]
[Source "ChessBase"]
[SourceDate "2022.03.31"]
[SourceVersion "1"]
[SourceVersionDate "2022.03.31"]
[SourceQuality "1"]

1. d4 c5 2. d5 d6 3. e4 g6 4. c4 Bg7 5. Nc3 a6 6. f4 Nd7 7. Nf3 b5 8. cxb5 axb5 9. Bxb5 Ngf6 10. O-O Qb6 11. e5 Ng4 12. e6 c4+ 13. Kh1 Nf2+ 14. Rxf2 Qxf2 15. exd7+ Bxd7 16. Bxd7+ Kxd7 17. Bd2 Rhb8 18. Rb1 Rb7 19. Be1 Qe3 20. Ng5 Qxf4 21. Nf3 Qf5 22. h3 Bxc3 23. Bxc3 Rxa2 24. Rc1 Qd3 25. Qxd3 cxd3 26. Rd1 h6 27. Rxd3 Rb5 28. Kh2 Ra8 29. Rd1 Rc8 30. Rd2 Rcc5 31. Nd4 Rb7 32. Nc6 e6 33. Nb4 e5 34. Nd3 Rxd5 35. Nxe5+ Ke6 36. Rxd5 Kxd5 37. Ng4 h5 38. Nf2 Kc4 39. Kg3 d5 40. Bf6 d4 41. Ne4 Rxb2 42. Nd6+ Kd5 43. Ne8 d3 44. Kf3 Re2 45. Nc7+ Kc6 46. Na6 Kb5 47. Nc7+ Kc4 48. Bg5 Ra2 49. Ne8 Kb3 50. Nd6 Kc2 51. Nc4 Kc3 52. Ne3 Re2 53. Nd5+ Kc4 54. Ne3+ Kd4 55. Nd1 Ra2 56. Be3+ Kc4 57. Bg5 Rc2 58. Ne3+ Kd4 59. Nxc2+ dxc2 60. Bc1 Kd3 61. h4 f6 62. g3 Kd4 63. Kf4 Kd3 64. Kf3 Kd4 65. Ke2 Ke4 66. Kf2 Kd3 67. Bf4 Ke4 68. Ke2 Kf5 69. Kd2 Kg4 70. Kxc2 g5 71. hxg5 fxg5 72. Bd6 h4 73. gxh4 gxh4 74. Kd3 h3 75. Ke2 h2 76. Bxh2 1/2-1/2

[Event "Titled Tuesday intern op 28th Dec"]
[Site "Chess.com INT"]
[Date "2021.12.28"]
[Round "11"]
[White "Bashylina, Luisa"]
[Black "Ronka, Erik"]
[Result "0-1"]
[WhiteElo "1891"]
[BlackElo "2345"]
[PlyCount "35"]
[EventDate "2021.12.28"]
[EventType "swiss (blitz)"]
[EventRounds "11"]
[EventCountry "USA"]
[SourceTitle "CBM 206 Extra"]
[Source "ChessBase"]
[SourceDate "2022.03.31"]
[SourceVersion "1"]
[SourceVersionDate "2022.03.31"]
[SourceQuality "1"]

1. d4 Nf6 2. c4 g6 3. h4 c5 4. d5 b5 5. cxb5 a6 6. e3 axb5 7. Bxb5 Ba6 8. Bxa6 Nxa6 9. Nc3 d6 10. Nf3 Bg7 11. e4 O-O 12. h5 Qa5 13. Bd2 Rfb8 14. hxg6 hxg6 15. Qc1 Nb4 16. Qb1 Qa6 17. Bh6 Nd3+ 18. Kd1 0-1

[Event "Titled Tuesday intern op 28th Dec"]
[Site "Chess.com INT"]
[Date "2021.12.28"]
[Round "11"]
[White "Bodnar, Nikolay"]
[Black "Weetik, Vjacheslav"]
[Result "0-1"]
[WhiteElo "2438"]
[BlackElo "2423"]
[PlyCount "116"]
[EventDate "2021.12.28"]
[EventType "swiss (blitz)"]
[EventRounds "11"]
[EventCountry "USA"]
[SourceTitle "CBM 206 Extra"]
[Source "ChessBase"]
[SourceDate "2022.03.31"]
[SourceVersion "1"]
[SourceVersionDate "2022.03.31"]
[SourceQuality "1"]

1. e4 c6 2. d4 d5 3. e5 Bf5 4. Nf3 e6 5. Be2 Nd7 6. O-O Bg6 7. Nbd2 Nh6 8. Nb3 Nf5 9. a4 Be7 10. a5 O-O 11. Bd2 f6 12. exf6 Bxf6 13. Bb4 Rf7 14. c4 e5 15. dxe5 Nxe5 16. cxd5 cxd5 17. Bc3 Qd6 18. Nxe5 Bxe5 19. Bxe5 Qxe5 20. Bf3 Rd8 21. Re1 Qxb2 22. Bxd5 Kh8 23. Bxf7 Rxd1 24. Raxd1 Bxf7 25. Rd8+ Bg8 26. Nd2 h5 27. Ree8 Qa1+ 28. Nf1 Nh6 29. Rd5 Kh7 30. Rc5 b6 31. axb6 axb6 32. Rce5 b5 33. h3 Bc4 34. Re1 Qf6 35. Ne3 Nf5 36. Nxc4 bxc4 37. Rc8 Nd6 38. Rc5 g6 39. Rc6 Qd4 40. Re7+ Kh6 41. Rd7 Qa1+ 42. Kh2 Qe5+ 43. g3 Ne4 44. Rxc4 Nxf2 45. Rf4 Qe1 46. Kg2 Nd3 47. Rxd3 Qe2+ 48. Rf2 Qxd3 49. h4 Qe4+ 50. Kh2 Qe3 51. Rf4 Qe2+ 52. Kh3 Qd1 53. Kg2 g5 54. hxg5+ Kxg5 55. Rh4 Qe2+ 56. Kh3 Qf1+ 57. Kh2 Qf2+ 58. Kh3 Qg1 0-1

[Event "Titled Tuesday intern op 28th Dec"]
[Site "Chess.com INT"]
[Date "2021.12.28"]
[Round "11"]
[White "Cunha, Lucas Aguiar"]
[Black "Jorquera Cahuin, Marcelo Joaquin"]
[Result "0-1"]
[WhiteElo "2328"]
[BlackElo "2233"]
[PlyCount "94"]
[EventDate "2021.12.28"]
[EventType "swiss (blitz)"]
[EventRounds "11"]
[EventCountry "USA"]
[SourceTitle "CBM 206 Extra"]
[Source "ChessBase"]
[SourceDate "2022.03.31"]
[SourceVersion "1"]
[SourceVersionDate "2022.03.31"]
[SourceQuality "1"]

1. e4 d5 2. exd5 Nf6 3. Nf3 Nxd5 4. d4 g6 5. c4 Nb6 6. c5 Nd5 7. Nc3 Bg7 8. Bc4 c6 9. Qb3 O-O 10. O-O Nxc3 11. bxc3 b5 12. Be2 Be6 13. Qb2 Bd5 14. a4 a6 15. axb5 cxb5 16. Bxb5 axb5 17. Rxa8 Bxa8 18. Qxb5 Bxf3 19. gxf3 Qd5 20. Bf4 Nc6 21. Kg2 e5 22. dxe5 Nxe5 23. Qe2 Qxc5 24. Re1 Nc4 25. Rc1 h5 26. h4 Rc8 27. Bg3 Qf5 28. Qe4 Qxe4 29. fxe4 Nd2 30. e5 Ne4 31. Bf4 Rxc3 32. Rd1 Rc2 33. Rd8+ Kh7 34. Be3 Bxe5 35. Re8 f6 36. Re7+ Kg8 37. Kf3 Nd6 38. Ra7 Nf5 39. Ke4 Nxe3 40. fxe3 Rc7 41. Ra8+ Kf7 42. Rh8 Rc4+ 43. Kd5 Rxh4 44. Rh7+ Kg8 45. Ra7 Rb4 46. Ra8+ Rb8 47. Ra7 Re8 0-1

[Event "Titled Tuesday intern op 28th Dec"]
[Site "Chess.com INT"]
[Date "2021.12.28"]
[Round "11"]
[White "Degtiarev, Evgeny"]
[Black "Mayaud, Raphael"]
[Result "1-0"]
[WhiteElo "2380"]
[BlackElo "2216"]
[PlyCount "45"]
[EventDate "2021.12.28"]
[EventType "swiss (blitz)"]
[EventRounds "11"]
[EventCountry "USA"]
[SourceTitle "CBM 206 Extra"]
[Source "ChessBase"]
[SourceDate "2022.03.31"]
[SourceVersion "1"]
[SourceVersionDate "2022.03.31"]
[SourceQuality "1"]

1. d4 Nf6 2. c4 c5 3. d5 b5 4. Nd2 e6 5. dxe6 fxe6 6. e4 bxc4 7. Bxc4 d5 8. Bb5+ Bd7 9. Bd3 Nc6 10. Ngf3 Bd6 11. Qe2 Qc7 12. exd5 Nxd5 13. Nc4 O-O 14. Ng5 h6 15. Nxe6 Rae8 16. Nxc7 Bxc7 17. Qxe8 Rxe8+ 18. Kf1 Ncb4 19. Bg6 Re7 20. a3 Bb5 21. b3 Nc6 22. Bb2 Na5 23. Re1 1-0

[Event "Titled Tuesday intern op 28th Dec"]
[Site "Chess.com INT"]
[Date "2021.12.28"]
[Round "11"]
[White "Dias, Joao Batista de Sou"]
[Black "Viskelis, Darius"]
[Result "0-1"]
[WhiteElo "1838"]
[BlackElo "2200"]
[PlyCount "130"]
[EventDate "2021.12.28"]
[EventType "swiss (blitz)"]
[EventRounds "11"]
[EventCountry "USA"]
[SourceTitle "CBM 206 Extra"]
[Source "ChessBase"]
[SourceDate "2022.03.31"]
[SourceVersion "1"]
[SourceVersionDate "2022.03.31"]
[SourceQuality "1"]

1. e4 Nc6 2. d3 d5 3. exd5 Qxd5 4. Nc3 Qd8 5. Nf3 e5 6. Be2 Nf6 7. O-O Bc5 8. h3 O-O 9. Be3 Bxe3 10. fxe3 h6 11. Qe1 e4 12. Nh2 Qe7 13. d4 Nb4 14. Rc1 Nbd5 15. Nxd5 Nxd5 16. Bc4 Be6 17. Bxd5 Bxd5 18. c4 Be6 19. Qg3 c6 20. Rf4 f5 21. b3 a5 22. Rf2 a4 23. Qe5 axb3 24. axb3 Qf6 25. Qc7 Qf7 26. Qe5 Qf6 27. Qc7 Rf7 28. Qd6 Bd7 29. Qb4 Qe7 30. Qxb7 Rff8 31. Qc7 Rfc8 32. Qg3 Ra3 33. Rb2 Qg5 34. Kf2 Qxg3+ 35. Kxg3 g5 36. h4 Rb8 37. Nf1 Rbxb3 38. Rxb3 Rxb3 39. Ra1 f4+ 40. Kf2 Rb2+ 41. Kg1 f3 42. gxf3 exf3 43. Ra8+ Kf7 44. Ra7 Ke8 45. Ra8+ Ke7 46. Ra7 g4 47. d5 cxd5 48. cxd5 g3 49. Nxg3 Rg2+ 50. Kf1 Rxg3 51. Kf2 Rh3 52. e4 Ke8 53. Ra8+ Ke7 54. Ra7 Kd8 55. Ra8+ Kc7 56. Ra7+ Kc8 57. e5 Bg4 58. e6 Rh2+ 59. Kg3 Rg2+ 60. Kf4 f2 61. Ra1 Rg1 62. Ra6 f1=Q+ 63. Ke5 Qxa6 64. e7 Kd7 65. e8=Q+ Kxe8 0-1

[Event "Titled Tuesday intern op 28th Dec"]
[Site "Chess.com INT"]
[Date "2021.12.28"]
[Round "11"]
[White "Djordjevic, Vuk D"]
[Black "Skliarov, Viktor"]
[Result "1/2-1/2"]
[WhiteElo "2382"]
[BlackElo "2387"]
[PlyCount "106"]
[EventDate "2021.12.28"]
[EventType "swiss (blitz)"]
[EventRounds "11"]
[EventCountry "USA"]
[SourceTitle "CBM 206 Extra"]
[Source "ChessBase"]
[SourceDate "2022.03.31"]
[SourceVersion "1"]
[SourceVersionDate "2022.03.31"]
[SourceQuality "1"]

1. d4 Nf6 2. Bg5 Ne4 3. Bf4 c5 4. f3 Qa5+ 5. c3 Nf6 6. d5 Qb6 7. Bc1 e6 8. e4 Be7 9. Na3 exd5 10. exd5 d6 11. Nc4 Qc7 12. a4 O-O 13. Ne3 Re8 14. Bd3 Bf8 15. Ne2 Nbd7 16. O-O Ne5 17. Bc2 Bd7 18. c4 a6 19. a5 b5 20. axb6 Qxb6 21. h3 Ng6 22. f4 h5 23. f5 Ne5 24. Nf4 h4 25. Nh5 Be7 26. Nf4 a5 27. b3 Nh7 28. Bd2 Bf6 29. Nh5 Kf8 30. Nxf6 Nxf6 31. Qe1 Ke7 32. Qxh4 Rh8 33. Qg3 a4 34. bxa4 Qb2 35. Rad1 Bxa4 36. Bxa4 Rxa4 37. Rb1 Qxd2 38. Rb7+ Ned7 39. Re1 Ne4 40. f6+ Kd8 41. fxg7 Rg8 42. Qh4+ Kc8 43. Rbb1 Kc7 44. Qxe4 Rxg7 45. Qf3 Rg6 46. Nf5 Ra2 47. Ne3 Qa5 48. Qf4 Qd2 49. Rbd1 Rxg2+ 50. Kh1 Rh2+ 51. Kg1 Rg2+ 52. Kh1 Rh2+ 53. Kg1 Rg2+ 1/2-1/2

[Event "Titled Tuesday intern op 28th Dec"]
[Site "Chess.com INT"]
[Date "2021.12.28"]
[Round "11"]
[White "Dovbnia, Nikita"]
[Black "Mickiewicz, Piotr"]
[Result "0-1"]
[WhiteElo "1944"]
[BlackElo "2294"]
[PlyCount "78"]
[EventDate "2021.12.28"]
[EventType "swiss (blitz)"]
[EventRounds "11"]
[EventCountry "USA"]
[SourceTitle "CBM 206 Extra"]
[Source "ChessBase"]
[SourceDate "2022.03.31"]
[SourceVersion "1"]
[SourceVersionDate "2022.03.31"]
[SourceQuality "1"]

1. Nf3 d5 2. e3 Nf6 3. c4 c6 4. Nc3 e6 5. d4 Nbd7 6. Qc2 Bd6 7. Bd3 O-O 8. O-O Qe7 9. b3 dxc4 10. bxc4 e5 11. d5 Nc5 12. e4 Bg4 13. Ne1 Nfd7 14. h3 Bh5 15. Rb1 Rab8 16. Be3 Bg6 17. Nf3 Nxd3 18. Qxd3 Nc5 19. Qc2 f5 20. Bxc5 Bxc5 21. dxc6 bxc6 22. Rxb8 Rxb8 23. exf5 Bh5 24. Qe4 Bxf3 25. Qxf3 Bd4 26. Ne4 Qh4 27. f6 Qf4 28. Qd3 Rb2 29. fxg7 Rxa2 30. Qb3 Rb2 31. Qd3 a5 32. g3 Qf5 33. Kg2 a4 34. c5 Kxg7 35. g4 Qf4 36. Qf3 Qxf3+ 37. Kxf3 a3 38. Ra1 Rb3+ 39. Ke2 Bxa1 0-1

[Event "Titled Tuesday intern op 28th Dec"]
[Site "Chess.com INT"]
[Date "2021.12.28"]
[Round "11"]
[White "Duneas, John"]
[Black "Baches Garcia, Guillermo"]
[Result "0-1"]
[WhiteElo "2071"]
[BlackElo "2329"]
[PlyCount "46"]
[EventDate "2021.12.28"]
[EventType "swiss (blitz)"]
[EventRounds "11"]
[EventCountry "USA"]
[SourceTitle "CBM 206 Extra"]
[Source "ChessBase"]
[SourceDate "2022.03.31"]
[SourceVersion "1"]
[SourceVersionDate "2022.03.31"]
[SourceQuality "1"]

1. d4 Nf6 2. Nf3 e6 3. Bg5 h6 4. Bh4 d6 5. c4 g5 6. Bg3 Nh5 7. e3 Bg7 8. Nc3 Qe7 9. Bd3 Nd7 10. e4 a6 11. Ne2 c5 12. dxc5 Nxc5 13. Rb1 g4 14. Nh4 Nxg3 15. hxg3 b6 16. Nf4 Bb7 17. Qe2 Be5 18. O-O Bxf4 19. gxf4 Qxh4 20. g3 Qh3 21. Rfd1 f5 22. Qe3 Nxd3 23. Rxd3 Bxe4 0-1

[Event "Titled Tuesday intern op 28th Dec"]
[Site "Chess.com INT"]
[Date "2021.12.28"]
[Round "11"]
[White "Einarsson, Halldor Gretar"]
[Black "Manukian, Artak"]
[Result "1/2-1/2"]
[WhiteElo "2207"]
[BlackElo "2196"]
[PlyCount "122"]
[EventDate "2021.12.28"]
[EventType "swiss (blitz)"]
[EventRounds "11"]
[EventCountry "USA"]
[SourceTitle "CBM 206 Extra"]
[Source "ChessBase"]
[SourceDate "2022.03.31"]
[SourceVersion "1"]
[SourceVersionDate "2022.03.31"]
[SourceQuality "1"]

1. d4 Nf6 2. c4 e6 3. Nf3 d5 4. g3 dxc4 5. Bg2 c5 6. O-O Nc6 7. dxc5 Qxd1 8. Rxd1 Bxc5 9. Nbd2 Na5 10. Ne5 O-O 11. Ndxc4 Nxc4 12. Nxc4 Be7 13. Na5 Nd5 14. Bxd5 exd5 15. Rxd5 Be6 16. Rd1 b6 17. Nc6 Bf6 18. Nd4 Rfd8 19. Be3 Rac8 20. Nxe6 fxe6 21. Rxd8+ Rxd8 22. Rb1 b5 23. Kf1 a5 24. Ke1 a4 25. Bc5 Rc8 26. Be3 Rc2 27. Bc1 b4 28. Kd1 b3 29. axb3 axb3 30. Ra1 Bxb2 31. Bxb2 Rxb2 32. Ra8+ Kf7 33. Ra7+ Kf6 34. Rb7 g5 35. h3 h5 36. f3 h4 37. gxh4 gxh4 38. Rb4 Kg5 39. Rg4+ Kf5 40. Rxh4 Ra2 41. Rb4 Ra1+ 42. Kd2 Rh1 43. Rxb3 Rxh3 44. Rb5+ Kf6 45. Ke3 Rh4 46. f4 Rh3+ 47. Ke4 Ra3 48. e3 Ra4+ 49. Kf3 Ra3 50. Kf2 Ra2+ 51. Kf3 Ra3 52. Kf2 Ra2+ 53. Kg3 Ra3 54. Kf3 Rc3 55. Re5 Ra3 56. Kg4 Rb3 57. e4 Re3 58. Kh4 Rf3 59. Kg4 Re3 60. Kh4 Rf3 61. Kg4 Re3 1/2-1/2